Ile wiesz o ludności Polski? - Statystyki

Ogólne statystyki
  • Ten quiz został rozwiązany 195 razy
  • Średni wynik to 5 z 20
Statystyki odpowiedzi
Tekst Odpowiedź % Poprawnych
Miejsce w rankingu Polski (na świecie) 38
90%
Ludność Polski w milionach (2019r) 37
69%
Miejsce w Rankingu (W unii Europejskiej Po brexitie anglii 5
60%
Miejsce w Rankingu (W Unii Europejskiej przed brexitem angli) 6
56%
Miejsce w Rankingu ( W Europie) 8
52%
Ludność Polski w 2050r w milionach 33
37%
Ludność Polski w 1960r w mln 29
34%
Ranking Polski w ludności na świecie 1950r 19
33%
Ranking Polski w ludności na świecie 2050r 59
21%
Gęstość zaludnienia osób na km 124
10%
Kraj który jest miejsce za Polską w rankingu Kanada
8%
Spadek Ludności Polski Rocznie w procentach 0,09%
7%
Kraj który jest miejsce przed polską w rankingu Afganistan
2%
Procent Ludności Polski na świecie 0,49%
1%
Polacy którzy Wyemigrowali z kraju w tym roku -29 395
0%
Spadek Ludności Polski Rocznie w Liczbach -33 824
0%
Ludność Polski w tysiącach (sierpień 2019) 37 881
0%
Ludność Polski (27.08.2019 12:38) 37 881 292
0%
Ludność Polski w 2000 kiedy osiągnełą maksymalną liczbe 38 556 693
0%
Nieudany Motyw do rodzenia więcej dzieci 500+ na dziecko miesięcznie
0%
Nie znaleziono quizów pasujących do podanych kryteriów
Rozkład punktacji
Procent ludzi z każdym wynikiem
Percentyl według liczby udzielonych odpowiedzi
Twoja historia wyników
Nie rozwiązałeś tego quizu